000 00527nam a22001577a 4500
003 0
005 20231106141735.0
008 230313b xxu||||| |||| 00| 0 eng d
050 _aBF 698
_b.J38 2022
100 _aDominic O. Javier
245 _aLocus of control and affect intensity of consecrated catholic male and female religious
_cDominic O. Javier
260 _aLas Pinas City
_bSouthville International School and Colleges
_cC2022
300 _aix,142pp.
_c28cm.
_fTheses
500 _aLocus of control.
942 _2lcc
_cTH
999 _c364939
_d364939